|
|
|
|
| LEADER |
01432nam a2200385Ia 4500 |
| 001 |
EBC453208 |
| 003 |
MiAaPQ |
| 005 |
20200520144314.0 |
| 006 |
m o d | |
| 007 |
cr cn||||||||| |
| 008 |
081124s2008 enka sb 000 0 eng d |
| 020 |
|
|
|z 9781848553200
|
| 020 |
|
|
|z 184855320X
|
| 035 |
|
|
|a (MiAaPQ)EBC453208
|
| 035 |
|
|
|a (Au-PeEL)EBL453208
|
| 035 |
|
|
|a (CaPaEBR)ebr10315760
|
| 035 |
|
|
|a (CaONFJC)MIL368201
|
| 035 |
|
|
|a (OCoLC)501186430
|
| 040 |
|
|
|a MiAaPQ
|c MiAaPQ
|d MiAaPQ
|
| 050 |
|
4 |
|a HD31
|b .I57 2008
|
| 245 |
0 |
0 |
|a Institutional approach to global corporate governance
|h [electronic resource] :
|b business systems and beyond /
|c edited by J. Jay Choi, Sandra Dow.
|
| 250 |
|
|
|a 1st ed.
|
| 260 |
|
|
|a Bingley, UK :
|b Emerald/JAI,
|c 2008.
|
| 300 |
|
|
|a xi, 420 p. :
|b ill.
|
| 490 |
1 |
|
|a International finance review,
|x 1569-3767 ;
|v v. 9
|
| 504 |
|
|
|a Includes bibliographical references.
|
| 533 |
|
|
|a Electronic reproduction. Ann Arbor, MI : ProQuest, 2015. Available via World Wide Web. Access may be limited to ProQuest affiliated libraries.
|
| 650 |
|
0 |
|a Corporate governance.
|
| 650 |
|
0 |
|a Management.
|
| 655 |
|
4 |
|a Electronic books.
|
| 700 |
1 |
|
|a Choi, Jongmoo Jay,
|d 1945-
|
| 700 |
1 |
|
|a Dow, Sandra Marguerite.
|
| 710 |
2 |
|
|a ProQuest (Firm)
|
| 830 |
|
0 |
|a International finance review ;
|v v. 9.
|
| 856 |
4 |
0 |
|u https://ebookcentral.proquest.com/lib/matrademy/detail.action?docID=453208
|z Click to View
|